Buchgalterskij učet v kolchozach

Guardado en:
Detalles Bibliográficos
Formato: Libro
Lenguaje:ruso
Publicado: Moskva Seľchozgiz 1949
Etiquetas: Agregar Etiqueta
Sin Etiquetas, Sea el primero en etiquetar este registro!

MARC

LEADER 00000nam a2200000 4500
001 0314616
005 20260129101054.6
041 0 |a rus 
044 |a RU 
245 1 0 |a Buchgalterskij učet v kolchozach 
264 1 |a Moskva  |b Seľchozgiz  |c 1949